<?xml version="1.0" encoding="UTF-8"?>
<collection xmlns="http://www.loc.gov/MARC21/slim">
 <record>
  <leader>02477nam a22005297a 4500</leader>
  <controlfield tag="001">000261018</controlfield>
  <controlfield tag="003">CZ-PrVSE</controlfield>
  <controlfield tag="005">20180207113123.0</controlfield>
  <controlfield tag="007">ta</controlfield>
  <controlfield tag="008">140606s1830    gw     fr     000 0 ger d</controlfield>
  <datafield tag="020" ind1=" " ind2=" ">
   <subfield code="q">(Váz.)</subfield>
  </datafield>
  <datafield tag="035" ind1=" " ind2=" ">
   <subfield code="a">(OCoLC)227906034</subfield>
  </datafield>
  <datafield tag="040" ind1=" " ind2=" ">
   <subfield code="a">ABA006</subfield>
   <subfield code="b">cze</subfield>
   <subfield code="c">ABA006</subfield>
   <subfield code="d">ABA006</subfield>
  </datafield>
  <datafield tag="041" ind1="1" ind2=" ">
   <subfield code="a">ger</subfield>
   <subfield code="h">fre</subfield>
  </datafield>
  <datafield tag="072" ind1=" " ind2="7">
   <subfield code="a">33</subfield>
   <subfield code="x">Ekonomie</subfield>
   <subfield code="2">Konspekt</subfield>
   <subfield code="9">4</subfield>
  </datafield>
  <datafield tag="072" ind1=" " ind2="9">
   <subfield code="a">330</subfield>
   <subfield code="x">Economics</subfield>
   <subfield code="2">Conspectus</subfield>
   <subfield code="9">4</subfield>
  </datafield>
  <datafield tag="080" ind1=" " ind2=" ">
   <subfield code="a">33</subfield>
   <subfield code="2">MRF_2003</subfield>
  </datafield>
  <datafield tag="080" ind1=" " ind2=" ">
   <subfield code="a">330.8</subfield>
   <subfield code="2">MRF_2003</subfield>
  </datafield>
  <datafield tag="080" ind1=" " ind2=" ">
   <subfield code="a">330.52</subfield>
   <subfield code="2">MRF_2003</subfield>
  </datafield>
  <datafield tag="080" ind1=" " ind2=" ">
   <subfield code="a">(048.8)</subfield>
   <subfield code="2">MRF_2003</subfield>
  </datafield>
  <datafield tag="099" ind1=" " ind2="9">
   <subfield code="a">33SAY</subfield>
  </datafield>
  <datafield tag="100" ind1="1" ind2=" ">
   <subfield code="a">Say, Jean-Baptiste,</subfield>
   <subfield code="d">1767-1832</subfield>
   <subfield code="7">vse2005299804</subfield>
   <subfield code="4">aut</subfield>
  </datafield>
  <datafield tag="245" ind1="1" ind2="0">
   <subfield code="a">Johann Baptist Say's, Ausführliche Darstellung der Nationalökonomie, oder, Der Staatswirthschaft : /</subfield>
   <subfield code="c">aus dem Französischen der fünften Ausgabe übersetzt, und, Theils kritisch, Theils erläuternd, glossirt, sowie mit einem vollständigen real Auszuge von Say's Cours d'économie politique pratique begleitet, von Carl Eduard Morstadt</subfield>
  </datafield>
  <datafield tag="246" ind1="3" ind2="0">
   <subfield code="a">Ausführliche Darstellung der Nationalökonomie</subfield>
  </datafield>
  <datafield tag="246" ind1="3" ind2="0">
   <subfield code="a">Staatswirthschaft</subfield>
  </datafield>
  <datafield tag="260" ind1=" " ind2=" ">
   <subfield code="a">Heidelberg :</subfield>
   <subfield code="b">Verlagsbuchhandlung von Joseph Engelmann,</subfield>
   <subfield code="c">1830</subfield>
  </datafield>
  <datafield tag="300" ind1=" " ind2=" ">
   <subfield code="a">3 sv.</subfield>
  </datafield>
  <datafield tag="500" ind1=" " ind2=" ">
   <subfield code="a">Přeloženo z francouzštiny</subfield>
  </datafield>
  <datafield tag="504" ind1=" " ind2=" ">
   <subfield code="a">Obsahuje bibliografické odkazy</subfield>
  </datafield>
  <datafield tag="505" ind1="0" ind2=" ">
   <subfield code="a">1. Band. xvi, 570 stran — 2. Band. iv, 530 s. — 3. Band. iv, 524 s.</subfield>
  </datafield>
  <datafield tag="650" ind1="0" ind2="7">
   <subfield code="a">ekonomie</subfield>
   <subfield code="7">ph114430</subfield>
   <subfield code="2">czenas</subfield>
  </datafield>
  <datafield tag="650" ind1="0" ind2="7">
   <subfield code="a">ekonomické teorie</subfield>
   <subfield code="7">ph114428</subfield>
   <subfield code="2">czenas</subfield>
  </datafield>
  <datafield tag="650" ind1="0" ind2="7">
   <subfield code="a">národní bohatství</subfield>
   <subfield code="7">ph563325</subfield>
   <subfield code="2">czenas</subfield>
  </datafield>
  <datafield tag="653" ind1="0" ind2=" ">
   <subfield code="a">ekonomické kategorie</subfield>
  </datafield>
  <datafield tag="655" ind1=" " ind2="7">
   <subfield code="a">studie</subfield>
   <subfield code="7">fd133597</subfield>
   <subfield code="2">czenas</subfield>
  </datafield>
  <datafield tag="650" ind1="0" ind2="9">
   <subfield code="a">economics</subfield>
   <subfield code="2">eczenas</subfield>
  </datafield>
  <datafield tag="650" ind1="0" ind2="9">
   <subfield code="a">economics (theory)</subfield>
   <subfield code="2">eczenas</subfield>
  </datafield>
  <datafield tag="650" ind1="0" ind2="9">
   <subfield code="a">national wealth</subfield>
   <subfield code="2">eczenas</subfield>
  </datafield>
  <datafield tag="655" ind1=" " ind2="9">
   <subfield code="a">studies</subfield>
   <subfield code="2">eczenas</subfield>
  </datafield>
  <datafield tag="700" ind1="1" ind2=" ">
   <subfield code="a">Morstadt, Karl Eduard,</subfield>
   <subfield code="d">1792-1850</subfield>
   <subfield code="7">mub2011671126</subfield>
   <subfield code="4">trl</subfield>
  </datafield>
  <datafield tag="BAS" ind1=" " ind2=" ">
   <subfield code="a">PNGMM</subfield>
  </datafield>
  <datafield tag="910" ind1=" " ind2=" ">
   <subfield code="a">ABA006</subfield>
   <subfield code="b">P3839/I-III</subfield>
   <subfield code="s">sv. I-III</subfield>
   <subfield code="t">v</subfield>
  </datafield>
  <datafield tag="996" ind1=" " ind2=" ">
   <subfield code="1">PDPZ1</subfield>
   <subfield code="2">SHSF</subfield>
   <subfield code="3">P3839/I</subfield>
   <subfield code="4">N:G; SI=5I1159</subfield>
   <subfield code="5">3142311003</subfield>
   <subfield code="7">Band 1</subfield>
   <subfield code="8">20180205</subfield>
   <subfield code="9">33SAY</subfield>
   <subfield code="b">Band 1</subfield>
   <subfield code="f">89</subfield>
   <subfield code="h">Band 1</subfield>
   <subfield code="l">UEP01</subfield>
   <subfield code="m">BOOK</subfield>
   <subfield code="q">Knihovna Žižkov depoz. 1</subfield>
   <subfield code="r">HSF</subfield>
   <subfield code="t">přísně prezenční</subfield>
   <subfield code="u">UEP01</subfield>
   <subfield code="w">20180207</subfield>
  </datafield>
  <datafield tag="996" ind1=" " ind2=" ">
   <subfield code="1">PDPZ1</subfield>
   <subfield code="2">SHSF</subfield>
   <subfield code="3">P3839/II</subfield>
   <subfield code="4">N:G</subfield>
   <subfield code="5">3142275738</subfield>
   <subfield code="7">Band 2</subfield>
   <subfield code="8">20140606</subfield>
   <subfield code="9">33SAY</subfield>
   <subfield code="b">Band 2</subfield>
   <subfield code="f">89</subfield>
   <subfield code="h">Band 2</subfield>
   <subfield code="l">UEP01</subfield>
   <subfield code="m">BOOK</subfield>
   <subfield code="q">Knihovna Žižkov depoz. 1</subfield>
   <subfield code="r">HSF</subfield>
   <subfield code="t">přísně prezenční</subfield>
   <subfield code="u">UEP01</subfield>
   <subfield code="w">20140616</subfield>
  </datafield>
  <datafield tag="996" ind1=" " ind2=" ">
   <subfield code="1">PDPZ1</subfield>
   <subfield code="2">SHSF</subfield>
   <subfield code="3">P3839/III</subfield>
   <subfield code="4">N:G</subfield>
   <subfield code="5">3142275739</subfield>
   <subfield code="7">Band 3</subfield>
   <subfield code="8">20140606</subfield>
   <subfield code="9">33SAY</subfield>
   <subfield code="b">Band 3</subfield>
   <subfield code="f">89</subfield>
   <subfield code="h">Band 3</subfield>
   <subfield code="l">UEP01</subfield>
   <subfield code="m">BOOK</subfield>
   <subfield code="q">Knihovna Žižkov depoz. 1</subfield>
   <subfield code="r">HSF</subfield>
   <subfield code="t">přísně prezenční</subfield>
   <subfield code="u">UEP01</subfield>
   <subfield code="w">20140616</subfield>
  </datafield>
 </record>
</collection>
